Ảnh hưởng liều lượng phân hữu cơ đến sinh trưởng, năng suất, hàm lượng tinh dầu và curcumin trên giống nghệ Thái (Curcuma longa L.) trồng trong bao : Luận văn tốt nghiệp cao học ngành. Khoa học Cây trồng

Nghệ Thái với vai trò là thuốc điều trị nhiều bệnh và là gia vị tạo màu cho các món ăn. Từ đó việc đảm bảo nguồn nguyên liệu sạch là hướng cần được chú trọng. Phân hữu cơ cung cấp các chất dinh dưỡng giúp cây phát triển tự nhiên và...

תיאור מלא

שמור ב:
מידע ביבליוגרפי
מחבר ראשי: Đinh, Phước Sang
פורמט: ספר
שפה:Undetermined
יצא לאור: Cần Thơ Trường Đại học Cần Thơ 2018
נושאים:
תגים: הוספת תג
אין תגיות, היה/י הראשונ/ה לתייג את הרשומה!
Thư viện lưu trữ: Trung tâm Học liệu Trường Đại học Cần Thơ
LEADER 01637nam a2200229Ia 4500
001 CTU_233135
008 210402s9999 xx 000 0 und d
082 |a 633.82 
082 |b S106 
088 |a 8620110 
100 |a Đinh, Phước Sang 
245 0 |a Ảnh hưởng liều lượng phân hữu cơ đến sinh trưởng, năng suất, hàm lượng tinh dầu và curcumin trên giống nghệ Thái (Curcuma longa L.) trồng trong bao : 
245 0 |b Luận văn tốt nghiệp cao học ngành. Khoa học Cây trồng 
245 0 |c Đinh Phước Sang ; Lưu Thái Danh (Cán bộ hướng dẫn) 
260 |a Cần Thơ 
260 |b Trường Đại học Cần Thơ 
260 |c 2018 
520 |a Nghệ Thái với vai trò là thuốc điều trị nhiều bệnh và là gia vị tạo màu cho các món ăn. Từ đó việc đảm bảo nguồn nguyên liệu sạch là hướng cần được chú trọng. Phân hữu cơ cung cấp các chất dinh dưỡng giúp cây phát triển tự nhiên và đảm bảo tính an toàn của củ nghệ. Nghiên cứu nhằm đánh giá ảnh hưởng của liều lượng phân hữu cơ đến sinh trưởng, năng suất, hàm lượng tinh dầu và curcumin trong nghệ Thái trồng trong bao và che mát còn 60% sáng. 
650 |a Turmeric,Cây nghệ 
910 |b tvtrong 
910 |c tvtrong,tvtrong 
980 |a Trung tâm Học liệu Trường Đại học Cần Thơ